Statistics for Summer Songs

Click here to take the quiz!

General Stats

  • This quiz has been taken 19 times
  • The average score is 10 of 15

Answer Stats

ArtistSong% Correct
Kid RockAll Summer {Long}
100%
Bryan AdamsSummer Of '{69}
100%
Katrina and the WavesWalking On {Sunshine}
100%
Alice Cooper{Schools} Out
82%
John Travolta & Olivia Newton JohnSummer {Nights}
82%
Bananarama{Cruel} Summer
71%
Eddie CochranSummertime {Blues}
71%
DJ Jazzy Jeff & The Fresh PrinceSummer{time}
65%
Cliff RichardSummer {Holiday}
59%
Bill Withers{Lovely} Day
53%
Isley BrothersSummer {Breeze}
53%
ABBASummer Night {City}
53%
The KinksSunny {Afternoon}
47%
Bay City RollersSummer Love {Sensation}
35%
Bobby GoldsboroSummer (The {First} Time)
29%

Score Distribution

Percentile by Number Answered

Percent of People with Each Score

Your Score History

You have not taken this quiz